The political position of the christian community in the light of "political theology" (Registro nro. 70527)
[ vista simple ]
| 000 -LÍDER | |
|---|---|
| Campo fijo de descripción fija | 01591nab a2200253 i 4500 |
| 001 - NÚMERO DE CONTROL | |
| Campo de control | 768714001 |
| 003 - IDENTIFICADOR DEL NÚMERO DE CONTROL | |
| Campo de control | CO-MdFUSB |
| 005 - FECHA Y HORA DE LA ULTIMA TRANSACCIÓN | |
| control field | 20260313160440.0 |
| 008 - ELEMENTOS DE LONGITUD FIJA -- INFORMACIÓN GENERAL | |
| Campo fijo de descripción fija -- Información general | 240718t1973 enk||||| |||| 00| 0 eng d |
| 040 ## - FUENTE DE CATALOGACIÓN | |
| Idioma de catalogación | spa |
| Agencia que realiza la transcripción | CO-MdFUSB |
| Agencia que realiza la modificación | CO-MdFUSB |
| 041 ## - CÓDIGO DE IDIOMA | |
| Código de idioma para texto/pista de sonido o título separado | eng |
| 100 ## - ASIENTO PRINCIPAL--NOMBRE PERSONAL | |
| Nombre personal | Rütti, Ludwig, |
| Fechas asociadas con el nombre | 1936- |
| Término relacionador | autor |
| 245 ## - TÍTULO | |
| Título | The political position of the christian community in the light of "political theology" |
| Mención de responsabilidad | / Ludwig Rutti ; traducido por Francis McDonagh |
| 520 ## - NOTA DE RESUMEN, ETC. | |
| Nota de sumario, etc. | Es necesario articular y analizar las relaciones entre política, comunidad y teología. Este artículo intentará relacionar estas cuestiones con la comunidad como tal, y en el proceso la idea y la naturaleza de la comunidad inevitablemente serán discutidas y la "comunidad" necesariamente será discutida en su contexto eclesiástico y social más amplio. La política y la politización de individuos, grupos o comunidades no son mis principales preocupaciones, sino más bien la postura política que caracteriza la autocomprensión de dichas comunidades, así como su organización en términos prácticos. |
| 546 ## - NOTA DE IDIOMA | |
| Nota de idioma | Texto en inglés. |
| 650 #7 - ASIENTO SECUNDARIO DE MATERIA - TERMINO TEMÁTICO | |
| Término temático o nombre geográfico como elemento de entrada | Teología pastoral |
| 9 (RLIN) | 227 |
| 650 #7 - ASIENTO SECUNDARIO DE MATERIA - TERMINO TEMÁTICO | |
| Término temático o nombre geográfico como elemento de entrada | Religión y política |
| 9 (RLIN) | 286 |
| 650 #0 - ASIENTO SECUNDARIO DE MATERIA - TERMINO TEMÁTICO | |
| Término temático o nombre geográfico como elemento de entrada | Iglesia y problemas sociales |
| 9 (RLIN) | 1177 |
| 650 #7 - ASIENTO SECUNDARIO DE MATERIA - TERMINO TEMÁTICO | |
| Término temático o nombre geográfico como elemento de entrada | Antropología cultural y social |
| 9 (RLIN) | 6714 |
| 700 ## - ENTR. SECUNDARIA - Nombre Personal (R) | |
| Nombre de persona | McDonagh, Francis, |
| Término indicativo de función | traductor |
| 773 0# - ASIENTO DE ITEM FUENTE | |
| Biblionumber | 70507 |
| Itemnumber | 82832 |
| Lugar, editorial y fecha de publicación | Londres : Board, 1966. |
| Otro identificador del ítem | R2684 |
| Título | Concilium : |
| Número de control del registro | (CO-MdFUSB)768714001 |
| Número Internacional Normalizado para Publicaciones Seriadas (ISSN) | 0010-5236 |
| Parte(s) relacionada(s) / Volumen., número. (mes año), páginas | Volumen 4, (número 9, 1973), páginas: 62 - 75 |
| Enumeración y primera página | página: 62 |
| 942 ## - TIPO DE MATERIAL (KOHA) | |
| Tipo de Item KOHA | Artículos de Revista |
| 945 ## - INFORMACIÓN LOCAL DEL REGISTRO | |
| Catalogador | Catherine Arias Álvarez - Practicante SENA |
No hay ítems disponibles.
